000
00395nam a22001097a 4500
082
_a
900
100
_a
प्रो. भगत, अरूण कुमार
_9
83933
245
_a
आपातकाल के संस्मरण (खंड 1)
260
_a
दिल्ली
_b
पुष्पाजंलि प्रकाशन
_c
2025
650
_a
इतिहास
942
_c
BK
999
_c
68945
_d
68945